1406 1447 1971 1824 1375 1051 1673 1354 1259 1995 1782 1884 1161 1441 1995 1957 1352 1415 1828 1256 1590 1328 1655 1177 1884 1120 1345 1520 1575 1017 1159 1972 1378 1834 1624 1408 1397 1478 1419 1967 1827 1969 1091 1679 1449 1236 1671 1120 1593 1254 1043 1432 1399 1493 1564 1122 1546 1563 1579 1304 1939 1637 1748 1658 1712 1559 1575 1196 1901 1793 1149 1856 1006 1333 1660 1614 1177 1207 1008 1266 1777 1475 1817 1325 1361 1182 1033 1205 1456 1625 1176 1714 1491 1279 1786 1220 1371 1913 1367 BCNSPRNW ULIB Ver.6.0+V

เปลี่ยนเป็นภาษาไทย

Change to English
 แสดงรายละเอียดบรรณานุกรม
  กลับหน้าหลัก

Brief Record : Get Marc (ISO 2709) : E-mail record : QR code < ปิดหน้าต่าง
LEADER : 00000nam 2200000uu 4500
001    13399109703
003     ULIB
008    110408s2548||||th 000 0 tha d
020    974970181x
060 04 WV140^bก482ก 2548
111 2  การประชุมวิชาการเภสัชศาสตร์^n(ครั้งที่ 3 :^d2548 :^cปทุมธานี)
245 10 การประชุมวิชาการเภสัชศาสตร์ครั้งที่ 3 เรื่อง ยาและโรคตา หูคอ จมูก :^bวันที่ 20-21 มกราคม 2548 ณ ห้องประชุม 1-301 อาคารอาทิตย์ อุไรรัตน์ มหาวิทยาลัยรังสิต /^cโดย คณะเภสัชศาสตร์ มหาวิทยาลัยรังสิต ร่วมกับ สำนักงานคณะกรรมการอาหารและยา กระทรวงสาธารณสุข ; บรรณาธิการ: กุสาวดี เมลืองนนท์ ... [และคนอื่นๆ]
246 30 ยาและโรคตา หู คอ จมูก
250    พิมพ์ครั้งที่ 1
260    ปทุมธานี :^bคณะ,^c2548
300    [7], 203, [8] หน้า :^bภาพประกอบ ;^c27 ซม
504    มีบรรณานุกรมและดัชนี
650  7 เภสัชศาสตร์^vการประชุม
650  7 ยารักษาโรคทางระบบหูคอจมูกและกล่องเสียง
650  7 ยาตา
650  7 หูคอจมูกและกล่องเสียง, โรค^xการรักษาด้วยยา
650  7 ตา, โรค^xการรักษาด้วยยา
700 0  กุสาวดี เมลืองนนท์,^eบรรณาธิการ
710 2  มหาวิทยาลัยรังสิต. ^bคณะเภสัชศาสตร์
710 2  สำนักงานคณะกรรมการอาหารและยา
945    ^p0^l0^i018826
995    เกษร
999 ^a ใช้งานได้ทุกระบบ
รายการนี้ยังไม่มีแท็ก
คุณยังไม่ได้ล็อกอิน คุณสามารถมีกิจกรรมร่วมกับเว็บไซต์ได้ แต่ต้องล็อกอินก่อน ::
  ล็อกอิน

รายการสื่อสารสนเทศ

ลำดับที่ ประเภท เลขเรียก/บาร์โค้ด สถานที่ สถานะ
- ไม่พบข้อมูล -

BibComment


ยังไม่เคยถูกคอมเมนท์

คอมเมนท์ทรัพยากรรายการนี้
  คอมเมนท์: การประชุมวิชาการเ..


 Copyright 2026. Bcnsprnw @Library